#4 Arvaa AI:n läpi vedetty henkilö - Statistics

Yleistilastot
  • Tätä visaa on pelattu 29 kertaa
  • Keskiarvotulos 5 / 16
Vastaustilastot
Kuvavisa Vastaus % Oikein
Eeddspeaks
75%
Brad Pitt
67%
Lady Gaga
58%
Elli Haloo
46%
David Bowie
42%
Elton John
42%
Dua Lipa
25%
Avril Lavigne
21%
Britney Spears
21%
Saul Goodman
17%
Scarlett Johansson
17%
Floor Jansen
13%
Maija Vilkkumaa
4%
Uncle Sam Patriot
4%
M Shadows
0%
The Rev
0%
Ehtoja vastaavia visoja ei löytynyt
Tulosjakauma
Jokaisen tuloksen saaneiden osuus
Persentiili vastausten määrän mukaan
Tuloshistoriasi
Et ole pelannut tätä visaa